00424pab a2200145 454500008004000000100002100040245010300061260000900164300001400173362000800187650001300195650001400208700002200222773003400244180718b2007 xxu||||| |||| 00| 0 eng d aJaswal, Surinder aSummary report: training of trainers workshop on psychosocial interventions for disaster survivors c2007 ap.326-34. aApr aTraining aDisasters aJoseph, Jacquleen aIndian Journal of Social Work